Statistics for AFL Brownlow Medal Winners Since 1980

Click here to take the quiz!

General Stats

  • This quiz has been taken 1,609 times
  • The average score is 16 of 32

Answer Stats

Year Player/s % Correct
2009Gary Ablett
93%
2003Mark Riciutto Nathan Buckley Adam Goodes
91%
2010Chris Judd
87%
2004Chris Judd
87%
2006Adam Goodes
86%
2011Dane Swan
82%
1996Michael Voss James Hird
78%
2005Ben Cousins
76%
2008Adam Cooney
74%
2007Jimmy Bartel
73%
2002Simon Black
62%
1987John Platten Tony Lockett
59%
1998Robert Harvey
58%
1997Robert Harvey
58%
2001Jason Akermanis
57%
1999Shane Crawford
52%
2000Shane Woewodin
51%
1986Robert DiPierdomenico Greg Williams
49%
1994Greg Williams
47%
1993Gavin Wanganeen
43%
1991Jim Stynes
42%
1995Paul Kelly
32%
1990Tony Liberatore
32%
1989Paul Couch
29%
1992Scott Wynd
26%
1988Gerard Healy
25%
1984Peter Moore
19%
1985Brad Hardie
18%
1981Bernie Quinlan Barry Round
14%
1980Kelvin Templeton
13%
1983Ross Glendinning
12%
1982Brian Wilson
12%

Score Distribution

Percentile by Number Answered

Percent of People with Each Score

Your Score History

You have not taken this quiz